An introduction to the entertainment industry / (Record no. 1113)

MARC details
000 -LEADER
fixed length control field 01689cam a2200349 a 4500
005 - DATE AND TIME OF LATEST TRANSACTION
control field 20260322212047.0
008 - FIXED-LENGTH DATA ELEMENTS--GENERAL INFORMATION
fixed length control field data
010 ## - LIBRARY OF CONGRESS CONTROL NUMBER
LC control number 2008035927
020 ## - INTERNATIONAL STANDARD BOOK NUMBER
International Standard Book Number 9781433103414 (hardcover : alk. paper)
020 ## - INTERNATIONAL STANDARD BOOK NUMBER
International Standard Book Number 1433103419 (hardcover : alk. paper)
020 ## - INTERNATIONAL STANDARD BOOK NUMBER
International Standard Book Number 9781433103407 (pbk. : alk. paper)
020 ## - INTERNATIONAL STANDARD BOOK NUMBER
International Standard Book Number 1433103400 (pbk. : alk. paper)
040 ## - CATALOGING SOURCE
Original cataloging agency DLC
Transcribing agency DLC
Modifying agency DLC
-- YDXCP
-- C#P
-- CDX
-- DLC
050 00 - LIBRARY OF CONGRESS CALL NUMBER
Classification number GV1201
Item number .S812 2009
082 00 - DEWEY DECIMAL CLASSIFICATION NUMBER
Classification number 793
Edition information 22
092 ## - LOCALLY ASSIGNED DEWEY CALL NUMBER (OCLC)
Classification number 793 Ste 2009
001 - CONTROL NUMBER
control field data
100 1# - MAIN ENTRY--PERSONAL NAME
Personal name Stein, Andi,
Dates associated with a name 1960-
245 13 - TITLE STATEMENT
Title An introduction to the entertainment industry /
Statement of responsibility, etc. Andi Stein & Beth Bingham Evans.
260 ## - PUBLICATION, DISTRIBUTION, ETC.
Place of publication, distribution, etc. New York :
Name of publisher, distributor, etc. Peter Lang,
Date of publication, distribution, etc. c2009.
300 ## - PHYSICAL DESCRIPTION
Extent viii, 311 p. :
Other physical details ill. ;
Dimensions 26 cm.
504 ## - BIBLIOGRAPHY, ETC. NOTE
Bibliography, etc. note Includes bibliographical references and index.
505 0# - FORMATTED CONTENTS NOTE
Formatted contents note Introduction -- Film -- Television -- Radio -- Theater -- Music-- Museums -- Theme parks -- Sports -- Travel and tourism --Shopping -- Gambling and casino gaming -- Video games --Publishing -- Event planning.
650 #0 - SUBJECT ADDED ENTRY--TOPICAL TERM
Topical term or geographic name entry element Amusements.
650 #0 - SUBJECT ADDED ENTRY--TOPICAL TERM
Topical term or geographic name entry element Games.
650 #0 - SUBJECT ADDED ENTRY--TOPICAL TERM
Topical term or geographic name entry element Mass media.
700 1# - ADDED ENTRY--PERSONAL NAME
Personal name Evans, Beth Bingham,
Dates associated with a name 1962-
856 41 - ELECTRONIC LOCATION AND ACCESS
Materials specified Table of contents only
Uniform Resource Identifier <a href="http://www.loc.gov/catdir/toc/ecip0825/2008035927.html">http://www.loc.gov/catdir/toc/ecip0825/2008035927.html</a>
906 ## - LOCAL DATA ELEMENT F, LDF (RLIN)
a 7
b cbc
c orignew
d 1
e ecip
f 20
g y-gencatlg
925 0# -
-- acquire
-- 2 shelf copies
-- policy default
955 ## - COPY-LEVEL INFORMATION (RLIN)
-- sf03 2008-08-15 (telework)
-- sf04 2008-08-18 to Dewey
-- rf06 2009-03-05 Z-CipVer
-- rf06 2009-03-05 to BCCD
Holdings
Withdrawn status Lost status Damaged status Not for loan Home library Current library Shelving location Date acquired Total checkouts Full call number Barcode Date last seen Price effective from Koha item type
        Centerville Centerville General stacks 22/03/2026   793 22 BC0011149 22/03/2026 22/03/2026 Books